[Event "BEL-ch U12"]
[Site "Blankenberge"]
[Date "2014.04.17"]
[Round "7"]
[White "Lambrecht, Arne"]
[Black "Katranov, Lev"]
[Result "1-0"]
[WhiteElo "1287"]
[BlackElo "1429"]
[PlyCount "75"]
[EventDate "2014.04.13"]
[EventType "swiss"]
[EventRounds "9"]
[EventCountry "BEL"]
[SourceTitle "EXT 2022"]
[Source "ChessBase"]
[SourceDate "2021.10.06"]
[SourceVersion "1"]
[SourceVersionDate "2021.10.06"]
[SourceQuality "1"]

1. e4 e5 2. Nf3 Nf6 3. Nxe5 d6 4. Nf3 Nxe4 5. Nc3 Nf6 6. d4 d5 7. Bg5 Bf5 8. Be2 Be7 9. 0-0 0-0 10. Re1 c6 11. Bd3 Bg6 12. Ne5 Nbd7 13. Ng4 Re8 14. Ne3 Qc7 15. Nf5 Bxf5 16. Bxf5 Bd6 17. g3 Qb6 18. Bxd7 Nxd7 19. Qg4 Nf8 20. Bf6 Ng6 21. Qd7 Rxe1+ 22. Rxe1 gxf6 23. Qxd6 Qxb2 24. Na4 Qxd4 25. Nc5 Qd2 26. Re3 Qxc2 27. Nd7 Qxa2 28. Nxf6+ Kh8 29. Nh5 Qa1+ 30. Kg2 Rf8 31. Re1 Qd4 32. Kg1 c5 33. Qd7 Kg8 34. Qf5 f6 35. Qd7 Rf7 36. Re8+ Nf8 37. Rxf8+ Kxf8 38. Qd8# 1-0

[Event "BEL-ch U12"]
[Site "Blankenberge"]
[Date "2014.04.16"]
[Round "6"]
[White "Lambrecht, Arne"]
[Black "Bikady, Luka"]
[Result "1-0"]
[WhiteElo "1287"]
[BlackElo "1195"]
[PlyCount "79"]
[EventDate "2014.04.13"]
[EventType "swiss"]
[EventRounds "9"]
[EventCountry "BEL"]
[SourceTitle "EXT 2022"]
[Source "ChessBase"]
[SourceDate "2021.10.06"]
[SourceVersion "1"]
[SourceVersionDate "2021.10.06"]
[SourceQuality "1"]

1. e4 e6 2. d4 d5 3. e5 c5 4. c3 Nc6 5. Nf3 Qb6 6. Bd3 Bd7 7. 0-0 cxd4 8. cxd4 Be7 9. Be3 Nh6 10. b3 Ng4 11. Nc3 Nxe3 12. fxe3 0-0 13. Rf2 Rac8 14. Nh4 h6 15. Qg4 Bxh4 16. Qxh4 Ne7 17. Ne2 Ng6 18. Qg3 Qd8 19. Raf1 Qg5 20. Bxg6 Qxg3 21. Bxf7+ Rxf7 22. Nxg3 Rxf2 23. Rxf2 Rf8 24. Rc2 Rc8 25. Rxc8+ Bxc8 26. e4 Kf7 27. Kf2 Bd7 28. Ke3 dxe4 29. Nxe4 Bc6 30. Nd6+ Kf8 31. g3 a6 32. Kd3 Ke7 33. Kc4 Kd7 34. Kc5 Ke7 35. Kb6 Kd7 36. Nxb7 Bxb7 37. Kxb7 Kd8 38. Kxa6 Kc7 39. b4 Kc6 40. b5+ 1-0